10 Largest Cities A-Z - Statistics

General Stats
  • This quiz has been taken 81 times
    59 since last reset
  • The average score is 136 of 260
Answer Stats
Letter Answer Country Population % Correct
A Alexandria Egypt 5.2M
100%
A Algiers Algeria 2.9M
100%
A Ankara Turkiye 5.6M
100%
B Baghdad Iraq 7.7M
98%
B Berlin Germany 3.6M
98%
B Buenos Aires Argentina 15.3M
98%
N Nairobi Kenya 5.1M
98%
N New York City United States 18.8M
98%
A Antananarivo Madagascar 1.2M
96%
B Bangkok Thailand 9.4M
96%
B Beijing China 21.4M
96%
B Brasilia Brazil 4.8M
96%
N New Delhi India 25.3M
96%
C Cairo Egypt 9.5M
94%
A Accra Ghana 2.6M
92%
I Istanbul Turkiye 15.4M
92%
J Jakarta Indonesia 31.4M
92%
M Madrid Spain 6.7M
92%
M Manila Philippines 13.4M
92%
M Mexico City Mexico 20.2M
92%
M Moscow Russia 11.9M
92%
M Mumbai India 21.1M
92%
O Osaka Japan 19M
92%
O Oslo Norway 1M
92%
O Ottawa Canada 1.4M
92%
R Riyadh Saudi Arabia 7.5M
92%
R Rome Italy 4.2M
92%
S Seoul South Korea 9.9M
92%
C Cape Town South Africa 4.6M
90%
C Chicago United States 8M
90%
D Dubai United Arab Emirates 3.1M
90%
G Guangzhou China 45.1M
90%
L Lima Peru 11.2M
90%
L London United Kingdom 9.5M
90%
M Melbourne Australia 5.2M
90%
P Paris France 11.4M
90%
P Pyongyang North Korea 2.8M
90%
Q Quito Ecuador 2M
90%
R Rabat Morocco 1.9M
90%
R Rio de Janeiro Brazil 13.6M
90%
S Shanghai China 28.2M
90%
S Sydney Australia 5.5M
90%
T Tehran Iran 9.3M
90%
U Ulaanbaatar Mongolia 1.4M
90%
V Vancouver Canada 2.6M
90%
W Washington D.C United States 6.3M
90%
B Busan South Korea 3.4M
88%
H Hanoi Vietnam 8.3M
88%
J Johannesburg South Africa 5.6M
88%
P Perth Australia 1.9M
88%
T Tokyo Japan 37.4M
88%
T Toronto Canada 6.3M
88%
W Warsaw Poland 1.7M
88%
A Ahmedabad India 7.2M
86%
B Bangalore India 11.4M
86%
D Damascus Syria 2M
86%
K Kyiv Ukraine 2.8M
86%
L Lagos Nigeria 15.9M
86%
L Los Angeles United States 12.4M
86%
S Saint Petersburg Russia 5.6M
86%
V Vienna Austria 1.9M
86%
A Aleppo Syria 1.8M
84%
D Dhaka Bangladesh 23.2M
84%
E Edmonton Canada 981,280
84%
F Fez Morocco 1.1M
84%
F Freetown Sierra Leone 1M
84%
K Kabul Afghanistan 4.4M
84%
K Kinshasa D. R. Congo 17.3M
84%
S Sao Paulo Brazil 22.4M
84%
T Taipei Taiwan 2.7M
84%
W Wuhan China 11M
84%
Y Yaounde Cameroon 4.3M
84%
A Abidjan Ivory Coast 4.3M
82%
D Dar es Salaam Tanzania 7.7M
82%
G Guadalajara Mexico 5.3M
82%
H Ho Chi Minh City Vietnam 8.9M
82%
K Karachi Pakistan 17.5M
82%
K Kolkata India 14.8M
82%
N Nagoya Japan 9.5M
82%
P Philadelphia United States 5.7M
82%
T Tripoli Libya 3M
82%
D Dallas United States 7M
80%
H Houston United States 7.1M
80%
I Islamabad Pakistan 1M
80%
J Jeddah Saudi Arabia 4.6M
80%
K Khartoum Sudan 7.2M
80%
L Lahore Pakistan 13.2M
80%
L Luanda Angola 8.5M
80%
M Medellin Colombia 4M
80%
M Mogadishu Somalia 2.7M
80%
P Pretoria South Africa 2.7M
80%
I Izmir Turkiye 4.3M
78%
O Odessa Ukraine 993,712
78%
B Belo Horizonte Brazil 2.7M
76%
C Chengdu China 16.3M
76%
E Edinburgh United Kingdom 554,137
76%
O Ouagadougou Burkina Faso 3M
76%
X Xi'an China 8.7M
76%
D Durban South Africa 3.7M
74%
E Essen Germany 583,119
74%
G Giza Egypt 8.8M
74%
H Hyderabad India 9.2M
74%
N Nanjing China 8.5M
74%
S Santiago Chile 6.8M
74%
T Tijuana Mexico 2.6M
74%
C Chennai India 6.4M
72%
V Valencia Spain 837,323
72%
Y Yangon Myanmar 5.6M
72%
F Fukuoka Japan 1.5M
68%
T Tianjin China 15.6M
68%
X Xiamen China 4.2M
68%
F Fortaleza Brazil 2.6M
64%
H Hangzhou China 10.3M
64%
I Indianapolis United States 1.8M
64%
P Phoenix United States 4.6M
64%
E Erbil Iraq 1.5M
62%
F Faisalabad Pakistan 3.2M
62%
F Fuzhou China 7.7M
62%
H Hong Kong China 7.4M
62%
K Kano Nigeria 6.5M
62%
P Pune India 4.3M
60%
A Agra India 2.1M
58%
C Chongqing China 16.3M
58%
G Guayaquil Ecuador 2.7M
58%
M Mosul Iraq 3.7M
58%
O Oklahoma City United States 1M
58%
O Omsk Russia 1.1M
58%
O Oran Algeria 1.4M
58%
U Ufa Russia 1.1M
58%
E El Paso United States 678,000
56%
I Ibadan Nigeria 5.8M
56%
I Isfahan Iran 1.9M
56%
J Jaipur India 4.2M
56%
R Rosario Argentina 1.7M
56%
U Urumqi China 3.5M
56%
H Harbin China 5.6M
54%
R Rostov-on-Don Russia 1.1M
54%
V Vladivostok Russia 610,236
54%
Y Yekaterinburg Russia 1.5M
54%
Z Zhengzhou China 10.3M
54%
Q Qingdao China 9M
52%
R Recife Brazil 4.2M
52%
H Hefei China 7.9M
50%
N Nanning China 7.2M
50%
S Surat India 6.1M
50%
V Volgograd Russia 993,856
50%
N Nagpur India 3M
48%
C Changsha China 8.1M
46%
D Daegu South Korea 2.4M
46%
D Douala Cameroon 2.7M
46%
M Mashhad Iran 3M
46%
Q Qom Iran 1.2M
46%
V Varanasi India 1.6M
46%
I Indore India 2.7M
44%
N Ningbo China 8.2M
44%
R Rawalpindi Pakistan 2.4M
44%
S Shenyang China 8.2M
44%
D Dalian China 6M
42%
K Kunming China 6.6M
42%
W Wenzhou China 9.1M
42%
Q Quetta Pakistan 1M
40%
J Jinan China 8.7M
38%
K Kumasi Ghana 3.3M
38%
L Lucknow India 3.9M
38%
E East London South Africa 810,528
36%
P Port Harcourt Nigeria 3.4M
36%
S Suzhou China 10.7M
36%
A Anshan China 3.1M
34%
V Voronezh Russia 1M
34%
Z Zibo China 2.7M
34%
J Jilin China 1.9M
32%
K Kanpur India 4.5M
32%
L Lanzhou China 4.3M
32%
T Taiyuan China 5.3M
32%
W Wuxi China 6.5M
32%
C Changchun China 5.5M
30%
W Wuzhou China 3M
30%
P Patna India 2.5M
28%
U Ulsan South Korea 1.1M
28%
F Foshan China 8.7M
26%
S Shijiazhuang China 11M
26%
X Xuzhou China 2.2M
26%
G Gujranwala Pakistan 2M
24%
G Gwangju South Korea 1.5M
24%
N Nanchang China 3.9M
24%
V Vadodara India 2.1M
22%
B Baoding China 2M
20%
E Enugu Nigeria 847,000
20%
G Guiyang China 4.6M
20%
H Huizhou China 2.6M
20%
N Nantong China 2.4M
20%
R Rajkot India 1.7M
18%
W Weifang China 2.8M
18%
X Xalapa Mexico 857,271
18%
Y Yantai China 2.7M
18%
E Eskisehir Turkiye 880,233
16%
E E'Zhou China 686,000
16%
I Ilorin Nigeria 1M
16%
O Oyo Nigeria 532,491
16%
U Uberlandia Brazil 701,763
16%
U Ulyanovsk Russia 617,352
16%
C Changzhou China 4M
14%
D Datong China 1.8M
14%
E Erzurum Turkiye 455,060
14%
Q Qiqihar China 1.5M
14%
Q Quzhou China 2.5M
14%
T Tangshan China 4.5M
14%
V Vijayawada India 1.4M
14%
V Visakhapatnam India 2.3M
14%
W Wuhu China 3.6M
14%
Y Yangzhou China 2M
14%
H Huai'an China 2.8M
12%
C Chattogram Bangladesh 8.4M
10%
F Faridabad India 1.8M
10%
Q Quanzhou China 1.8M
10%
T Tai'an China 5.6M
10%
U Uyo Nigeria 1.3M
10%
Z Zapopan Mexico 1.4M
10%
Z Zhuhai China 2.2M
10%
G Ganzhou China 1.4M
8%
Q Qinhuangdao China 1.5M
8%
U Ujjain India 709,374
8%
X Xining China 1.6M
8%
Z Zhuzhou China 1.2M
8%
G Ghaziabad India 2.2M
6%
J Jiangmen China 1.7M
6%
J Jinhua China 1.2M
6%
O Osasco Brazil 701,944
6%
P Puyang China 3.6M
6%
Q Qingyuan China 3.9M
6%
Q Qinzhou China 4M
6%
U Ulhasnagar India 696,236
6%
U Utsunomiya Japan 518,594
6%
Z Zhanjiang China 1.3M
6%
F Fushun China 1.2M
4%
F Fuyang China 1M
4%
I Injeon South Korea 2.9M
4%
W Wanzhou China 1.7M
4%
X Xinyang China 6.4M
4%
Y Yinchuan China 2.2M
4%
Y Yulin China 5.7M
4%
Z Zhongshan China 3.4M
4%
I Iztapalapa Mexico 1.8M
2%
J Jieyang China 1.2M
2%
J Jinzhong China 1.2M
2%
L Linyin China 10.6M
2%
R Rui'an China 1.2M
2%
W Weihai China 2.8M
2%
X Xinxiang China 5.8M
2%
X Xuchang China 4.4M
2%
Y Yancheng China 7.4M
2%
Y Yiwu China 1.4M
2%
Z Zhenjiang China 1.2M
2%
G Guankou China 1.3M
0%
L Lianyungang China 4.5M
0%
X Xintai China 1.2M
0%
X Xinyu China 937,782
0%
Y Yixing China 1.2M
0%
Z Zhangjiagang China 1.2M
0%
Z Zhucheng City China 1.1M
0%
No matching quizzes found
Score Distribution
Percent of People with Each Score
Percentile by Number Answered
Your Score History
You have not taken this quiz since the last reset